000 00330 a2200157 4500
001 191138
020 _a85-7185-022-4
040 _cMagnum
100 _aMazur, Diane
240 1 0 _aUma pedra no sapato
_lpor
245 1 0 _aUma pedra no sapato
300 _a21
362 0 _a1992
697 _aLITERATURA INFANTIL
942 _cBK
999 _c191138
_d191138